000 00744cam a22002413a 4500
001 7873
003 PGUSA
005 20140828083150.0
008 050401s2005||||xxu|||||s|||||000 1 eng d
040 _aPGUSA
_beng
042 _adc
050 4 _aPR
100 1 _aRohmer, Sax,
_d1883-1959
245 1 4 _aThe Insidious Dr. Fu Manchu
_h[electronic resource] /
_cSax Rohmer
260 _bProject Gutenberg,
_c2005
506 _aCopyrighted. Read the copyright notice inside this book for details.
516 _aElectronic text
653 _aDetective and mystery stories
653 _aFu Manchu, Doctor (Fictitious character) -- Fiction
830 0 _aProject Gutenberg
_v7873
856 4 0 _uhttp://www.gutenberg.org/ebooks/7873
942 _cAB
999 _c237173
_d237173